Slovensko už tretí rok s najvyšším rastom v regióne

Hospodársky rast z krajín V4 bol v roku 2004 najrýchleší na Slovensku. Prebiehajúce zmeny vytvárajú predpoklad na vyrovnanie životnej úrovne s Čechmi okolo roku 2010.

Guardado en:
Detalles Bibliográficos
Autor principal: Jančík, Ľuboš
Formato: Capítulo de libro
Lenguaje:eslovaco
Materias:
Etiquetas: Agregar Etiqueta
Sin Etiquetas, Sea el primero en etiquetar este registro!

MARC

LEADER 00000naa$a2200000$$$4500
001 0026359
005 20231004125449.8
041 0 |a slo 
044 |a SK 
245 1 0 |a Slovensko už tretí rok s najvyšším rastom v regióne  |c Ľuboš Jančík 
520 |a Hospodársky rast z krajín V4 bol v roku 2004 najrýchleší na Slovensku. Prebiehajúce zmeny vytvárajú predpoklad na vyrovnanie životnej úrovne s Čechmi okolo roku 2010. 
610 2 0 |a Slovensko 
610 2 0 |a Česko 
610 2 0 |a Maďarsko 
610 2 0 |a Poľsko 
610 2 0 |a rast hospodársky 
610 2 0 |a porovnanie štatistické medzinárodné 
100 1 |a Jančík, Ľuboš